| 000 | 01332cam a22003615i 4500 | ||
|---|---|---|---|
| 999 |
_c27723 _d27694 |
||
| 001 | 2894701 | ||
| 003 | EG-ScBUE | ||
| 005 | 20191103121603.0 | ||
| 008 | 870506r20071990enk f b 001 0 eng d | ||
| 020 | _a9780745608303 | ||
| 040 |
_aDLC _beng _erda _cDLC _dDLC _dEG-ScBUE |
||
| 041 | 1 |
_aeng _hger |
|
| 082 | 0 | 4 |
_a190 _bHAB _222 |
| 100 | 1 |
_aHabermas, Jürgen, _eauthor. |
|
| 240 | 1 | 0 |
_aPhilosophische Diskurs der Moderne. _lEnglish |
| 245 | 1 | 4 |
_aThe philosophical discourse of modernity : _btwelve lectures / _cJürgen Habermas ; translated by Frederick Lawrence. |
| 250 | _aReprinted edition. | ||
| 264 | 1 |
_aCambridge, UK ; _aNew York : _bPolity Press, _c2007. |
|
| 300 |
_axx, 430 pages ; _c24 cm |
||
| 336 |
_atext _btxt _2rdacontent |
||
| 337 |
_aunmediated _bn _2rdamedia |
||
| 338 |
_avolume _bnc _2rdacarrier |
||
| 500 | _aTranslation of : Der philosophische Diskurs der Moderne. | ||
| 504 | _aIncludes bibliographical references and index. | ||
| 546 | _aText in English ; translated from original German. | ||
| 650 | 7 |
_aPhilosophy, Modern _y20th century. _2BUEsh |
|
| 650 | 7 |
_aPhilosophy, Modern _y19th century. _2BUEsh _924335 |
|
| 650 | 7 |
_aCivilization, Modern _xPhilosophy. _2BUEsh |
|
| 653 |
_bGGEN _cNovember2019 |
||
| 655 | _vReading book | ||
| 700 | 1 |
_aLawrence, Frederick, _etranslator. _924332 |
|
| 942 |
_2ddc _cBB |
||